000 00280nam a22001097a 4500
040 _cRUA
082 _aFAO FFP 2011 C011 Or.
245 _aPromoting improved Complementary Feeding(with recipes).
260 _aphnom penh
_brua
_c2011
300 _aii.47p.
_bill.
_c29cm.
942 _cREC
999 _c22156
_d22156